LEADER 01445nam a2200373 i 4500 001 991001339949707536 005 20020507191654.0 008 970630s1976 de ||| | eng 020 $a3540078568 035 $ab10833857-39ule_inst 035 $aLE01310776$9ExL 040 $aDip.to Matematica$beng 082 0 $a511.322 084 $aAMS 03-06 084 $aAMS 03E 111 2 $aConference on set theory and hierarchy theory <1975 ; Bierutowice>$0536784 245 10$aSet theory and hierarchy theory :$ba memorial tribute to Andrzej Mostowski :$bBierotowice, Poland, 1975 :$b[proceedings] /$cedited by W. Marek, M. Srebrny, and A. Zarach 260 $aBerlin ; New York :$bSpringer-Verlag,$c1976 300 $axiii, 345 p. ;$c25 cm 490 0 $aLecture notes in mathematics,$x0075-8434 ;$v537 500 $aIncludes bibliographies 650 0$aModel theory$xCongresses 650 0$aMostowski, Andrzej-bibliography 650 0$aRecursive functions$xCongresses 650 0$aSet theory$xCongresses 700 1 $aMarek, Wiktor 700 1 $aSrebrny, Marian 700 1 $aZarach, Andrzej 907 $a.b10833857$b23-02-17$c28-06-02 912 $a991001339949707536 945 $aLE013 03-XX MAR11 (1976)$g1$i2013000087030$lle013$o-$pE0.00$q-$rl$s- $t0$u0$v0$w0$x0$y.i10943109$z28-06-02 996 $aSet theory and hierarchy theory$9923633 997 $aUNISALENTO 998 $ale013$b01-01-97$cm$da $e-$feng$gde $h0$i1 LEADER 02432nam 2200589 450 001 9910825354603321 005 20200520144314.0 010 $a3-11-046883-2 010 $a3-11-046957-X 024 7 $a10.1515/9783110469578 035 $a(CKB)4340000000241943 035 $a(MiAaPQ)EBC5157260 035 $a(DE-B1597)462983 035 $a(OCoLC)1025359654 035 $a(DE-B1597)9783110469578 035 $a(Au-PeEL)EBL5157260 035 $a(CaPaEBR)ebr11520321 035 $a(PPN)225578085 035 $a(EXLCZ)994340000000241943 100 $a20180214h20182018 uy| 0 101 0 $aeng 135 $aurcnu|||||||| 181 $2rdacontent 182 $2rdamedia 183 $2rdacarrier 200 00$aOrnament and figure in Graeco-Roman art $erethinking visual ontologies in classical antiquity /$fedited by Nikolaus Dietrich and Michael Squire 210 1$aBerlin ;$aBoston :$cDe Gruyter,$d[2018] 210 4$dİ2018 215 $a1 online resource (434 pages) $cillustrations 311 $a3-11-046015-7 320 $aIncludes bibliographical references and index. 327 $aTo haunt, to startle, and way-lay/ Michael Squire -- Figu?rlicher Schmuck in der griechischen Architektur zwischen Dekor und Repra?sentation / Tonio Ho?lscher -- Ornamental and formulaic patterns / Jonas Grethlein. 330 $a"This edited collection explores the relationship between 'ornament' and 'figure' in Graeco-Roman antiquity. Through a series of specially commissioned chapters, contributors examine a range of ancient materials and texts: combining theoretical discussion and close analytical interpretations, the book interrogates shifting ideas of the image in both antiquity and the ensuing western art critical tradition"--$cProvided by publisher. 606 $aArt, Greco-Roman$xThemes, motives 606 $aImage (Philosophy) 610 $aGraeco-Roman visual culture. 610 $aancient aesthetics. 610 $amimesis. 610 $aornament/decoration. 615 0$aArt, Greco-Roman$xThemes, motives. 615 0$aImage (Philosophy) 676 $a709.01 686 $aART015060$aHIS002000$2bisacsh 702 $aDietrich$b Nikolaus 702 $aSquire$b Michael 801 0$bMiAaPQ 801 1$bMiAaPQ 801 2$bMiAaPQ 906 $aBOOK 912 $a9910825354603321 996 $aOrnament and figure in Graeco-Roman art$93961289 997 $aUNINA